• 首页
  • 本馆介绍
  • 公告通知
  • 最新文献
  • 馆藏检索
  • 电子资源
  • 读者导购
  • 参考咨询
  • 我的图书馆
  • 登录
  • 详细信息显示
  • 放入我的书架
  • 预约/预借图书
  • 作者相关作品
  • 分类相关作品
  • 丛书相关作品
  • 出版社相关作品

书目信息

  • 表格格式
  • 工作单格式
  • 卡片格式
题名:
以色列发展报告
    
 
作者: 张倩红 主编
分册: 2016  
出版信息: 北京   社会科学文献出版社  2016
页数: 388页
开本: 24cm
丛书名: 皮书系列
单 册:
中图分类: D738.2 , F138.24
科图分类:
主题词: 社会发展--she hui fa zhan--研究报告--以色列--2016 , 经济发展--jing ji fa zhan--研究报告--以色列--2016
电子资源:
ISBN: 978-7-5097-9454-8
000 01359nam0 22003131 450
001 0127144102
005 20170427144102.0
010    @a978-7-5097-9454-8@dCNY89.00
100    @a20161014d2016 em y0chiy50 ea
101 0  @achi@deng
102    @aCN@b110000
105    @ay z 000yy
106    @ar
200 1  @a以色列发展报告@Ayi se lie fa zhan bao gao@h2016@dAnnual report on Israel's national development@f张倩红主编@zeng
210    @a北京@c社会科学文献出版社@d2016
215    @a388页@d24cm
225 2  @a皮书系列@Api shu xi lie
300    @a以色列蓝皮书 2016版
300    @a“十二五”“十三五”国家重点图书出版规划项目
330    @a本书分为总报告、专题篇、外交篇、中以关系篇、附录五个部分,聚焦了2015年以色列的经济发展、政治局势及安全形势,并对以色列的创新竞争力、现代化高效农业、国民健康服务体系等进行了专题研究,关注了美以关系、欧盟-以色列关系、以色列与“伊朗核谈判”、以色列能源外交以及“一带一路”倡议下的中以关系新走向。
461  0 @12001 @a皮书系列
510 1  @aAnnual report on Israel's national development@h2016@zeng
606 0  @a社会发展@Ashe hui fa zhan@x研究报告@y以色列@z2016
606 0  @a经济发展@Ajing ji fa zhan@x研究报告@y以色列@z2016
690    @aD738.2@v5
690    @aF138.24@v5
701  0 @a张倩红@Azhang qian hong@c(女,@f1964~)@4主编
801  0 @aCN@bTANGWEI@c20170308
905    @b0966663-5@dD738.2@e410@f3
    
    以色列发展报告.2016=Annual report on Israel's national development/张倩红主编.-北京:社会科学文献出版社,2016
    388页;24cm.-(皮书系列)
    以色列蓝皮书 2016版.-“十二五”“十三五”国家重点图书出版规划项目
    
    ISBN 978-7-5097-9454-8:CNY89.00
    本书分为总报告、专题篇、外交篇、中以关系篇、附录五个部分,聚焦了2015年以色列的经济发展、政治局势及安全形势,并对以色列的创新竞争力、现代化高效农业、国民健康服务体系等进行了专题研究,关注了美以关系、欧盟-以色列关系、以色列与“伊朗核谈判”、以色列能源外交以及“一带一路”倡议下的中以关系新走向。
●
相关链接 在E读中查询图书 在五车中查询图书 在当当中查询图书 在豆瓣中查询图书


正题名:以色列发展报告     索取号:D738.2/410         预约/预借

序号 登录号 条形码 馆藏地/架位号 状态 备注
1 0966663   209666636   第一样本阅览室/ [索取号:D738.2/410] 在馆    
2 0966664   209666645   第一借阅区/ [索取号:D738.2/410] 在馆    
3 0966665   209666654   第一借阅区/ [索取号:D738.2/410] 在馆    
唐山师范学院图书馆 欢迎您!
大连网信软件有限公司© 版权所有